书目信息 |
| 题名: |
电工测量技术与电工理论基础实验
|
|
| 作者: | 孙玉琴 , 申燕 主编 | |
| 分册: | ||
| 出版信息: | 沈阳 东北大学出版社 2000.12 |
|
| 页数: | 114页 | |
| 开本: | 26cm | |
| 丛书名: | ||
| 单 册: | ||
| 中图分类: | TM1-33 | |
| 科图分类: | ||
| 主题词: | 电工学--dian gong xue--实验--高等学校 , 电量测量--dian liang ce liang--高等学校 | |
| 电子资源: | ||
| ISBN: | 7-81054-579-5 | |
| 000 | 00999nam0 2200253 450 | |
| 001 | 012007589572 | |
| 005 | 20070521085842.67 | |
| 010 | @a7-81054-579-5@dCNY11.80 | |
| 100 | @a20070227d2000 km y0chiy0120 ea | |
| 101 | 0 | @achi |
| 102 | @aCN@b210000 | |
| 105 | @aa a 000yy | |
| 200 | 1 | @a电工测量技术与电工理论基础实验@Adian gong ce liang ji shu yu dian gong li lun ji chu shi yan@f孙玉琴, 申燕主编@Fsun yu qin,shen yan zhu bian |
| 210 | @a沈阳@c东北大学出版社@d2000.12 | |
| 215 | @a114页@c图@d26cm | |
| 320 | @a有书目 (第114页) | |
| 330 | @a本书上篇讲述了电工测量知识以及常用电工仪器仪表的工作原理、技术要求和使用方法等;下篇为电工理论基础实验。其中除直流电路、交流稳态电路和暂态电路外,还包括计算机辅助分析和综合实验等内容。 | |
| 606 | 0 | @a电工学@Adian gong xue@x实验@x高等学校 |
| 606 | 0 | @a电量测量@Adian liang ce liang@x高等学校 |
| 690 | @aTM1-33@v4 | |
| 701 | 0 | @a孙玉琴@Asun yu qin@4主编 |
| 701 | 0 | @a申燕@Ashen yan@4主编 |
| 801 | 0 | @aCN@c20070521 |
| 905 | @a10447@dTM1-33@eS975 | |
| 电工测量技术与电工理论基础实验/孙玉琴, 申燕主编.-沈阳:东北大学出版社,2000.12 |
| 114页:图;26cm |
| ISBN 7-81054-579-5:CNY11.80 |
| 本书上篇讲述了电工测量知识以及常用电工仪器仪表的工作原理、技术要求和使用方法等;下篇为电工理论基础实验。其中除直流电路、交流稳态电路和暂态电路外,还包括计算机辅助分析和综合实验等内容。 |
| ● |
| 相关链接 |
|
|
|
正题名:电工测量技术与电工理论基础实验
索取号:TM1-33/S975
 
预约/预借
| 序号 | 登录号 | 条形码 | 馆藏地/架位号 | 状态 | 备注 |
| 1 | 236482 | 202364823 | 自科二线404/404自科库 17排3列1层/ [索取号:TM1-33/S975] | 在馆 | |
| 2 | 236483 | 202364832 | 自科库301/301自科库 7排2列3层/ [索取号:TM1-33/S975] | 在馆 | |
| 3 | 236484 | 202364841 | 自科库301/301自科库 7排2列3层/ [索取号:TM1-33/S975] | 在馆 |